Pokémon - Personnages de la 3g - Statistiques

Statistiques générales
  • Ce quiz a été pris 137 fois
  • Le résultat moyen est 21 sur 42
Statistiques - réponses
Par images Réponse % Correct
Flora
96%
Pierre Rochard
93%
Roxanne
93%
Timmy
93%
Norman
87%
Voltère
87%
Marc
86%
Bastien
82%
Brice
80%
Adriane
79%
Max
79%
Alizée
77%
Lévy & Tatia
77%
Professeur Seko
77%
Aragon
73%
Spectra
73%
Arthur
70%
Glacia
68%
Damien
66%
Leaf
58%
Juan
56%
Mr.Rochard
54%
Sarah
44%
Courtney
38%
Matthieu
35%
Kelvin
34%
Mr.Marco
32%
Scott
30%
Annette
24%
Cathy
23%
Professeur Kosmo
20%
Esteban
18%
Ciléo
17%
Capitaine Poupe
15%
Pat & Joe
15%
Charline
13%
Sam
13%
Takim
13%
Juliette
11%
Bayar
10%
Carole
10%
Primo
8%
Aucun quiz correspondant
Distribution des résultats
% des personnes avec chaque résultat
Percentile par nombre de réponses
Votre historique - résultats
Vous n’avez pas pris ce quiz